| 000 | 00532nam a2200217Ia 4500 | ||
|---|---|---|---|
| 008 | 140626s9999 xx 000 0 und d | ||
| 100 | _aDPA. | ||
| 245 |
_aBuenos aires, Argentina : _b Paris of South America / _cDPA. |
||
| 260 | _cc2012. | ||
| 300 | _a13 : 10, page 66 | ||
| 440 | _aCruising | ||
| 521 | _aTOU | ||
| 650 | _aArgentina. | ||
| 650 | _aBuenos Aires. | ||
| 650 | _aCharm. | ||
| 650 | _aDestination. | ||
| 650 | _aParis of South America. | ||
| 650 | _aSan Telmo plaza. | ||
| 650 | _aTravel. | ||
| 942 | _cSE | ||
| 999 |
_c121162 _d121162 |
||